|
|
|
|
| LEADER |
00000cam a2200000 a 4500 |
| 001 |
vtls001066661 |
| 003 |
SK-MaSNL |
| 005 |
20260301061909.0 |
| 008 |
240226s1991 xo a j 000 f slo |
| 015 |
|
|
|a SNBA1992/01
|
| 020 |
|
|
|a 8021501685
|q (brož.)
|
| 035 |
|
|
|a F72ADF26-DDFA-4734-9100-77636F145FAF
|
| 035 |
|
|
|a SNK000009491
|
| 035 |
|
|
|a urn:nbn:sk:snk-am003f1e
|
| 035 |
|
|
|a urn:nbn:sk:snk-amjas6
|
| 040 |
|
|
|a SNK
|b slo
|a SNK
|e AACR2
|c SNK
|
| 041 |
1 |
|
|a slo
|h ger
|
| 044 |
|
|
|a xo
|c SK
|
| 080 |
|
|
|a 839.59-3(087.5)
|2 1981
|
| 100 |
1 |
|
|a Sveinsson, Jón,
|d 1857-1944
|4 aut
|9 375629
|
| 245 |
1 |
0 |
|a Slnečné dni
|b Príhody Nonniho z mladých rokov na Islande
|c Jón Svensson ; M. Matulayová-Václavíková, Ján Lenčo, Tibor Hrabovský
|
| 250 |
|
|
|a 2. vyd.
|
| 260 |
|
|
|a Bratislava
|b Obzor
|c 1991
|e Žilina
|f Danubiaprint
|
| 300 |
|
|
|a 145 s.
|c 20 cm
|
| 490 |
1 |
|
|a Keď...
|
| 500 |
|
|
|a Ilustr. na front.
|
| 500 |
|
|
|a Pravdepodobne prel. z nem.
|
| 655 |
|
7 |
|a nemecké romány
|2 SNKPH
|9 70433
|
| 655 |
|
7 |
|a publikácie pre mládež
|2 SNKPH
|9 70434
|
| 700 |
1 |
|
|a Hrabovský, Tibor
|4 ill
|9 276833
|
| 700 |
1 |
|
|a Lenčo, Ján,
|d 1933-2012
|4 oth
|9 103758
|
| 700 |
1 |
|
|a Valehrachová-Matulayová, Margita,
|d 1909-1990
|4 trl
|9 103527
|
| 830 |
|
0 |
|a Keď...
|9 375630
|
| 919 |
|
|
|a 80-215-0168-5
|
| 954 |
|
|
|a beletria cudzojazyčná (svetová)
|2 lita
|
| 958 |
|
|
|a [BK]
|
| 958 |
|
|
|a LX
|
| 958 |
|
|
|a TL
|
| 958 |
|
|
|a UP
|
| 999 |
|
|
|c 618694
|d 620624
|
| 952 |
|
|
|t P60, <05>, [BOOK], {605}
|a SNK
|b SNK
|y PREZ
|7 0
|p 17A0346157
|o snkSD 63747 D1
|i snkKSP 8875/91
|0 0
|1 0
|4 0
|d 2002-07-02
|f 1
|l 0
|r 2004-12-31 00:00:00
|w 2026-02-23
|